| 000 | 00911nas a2200301 4500 | ||
|---|---|---|---|
| 001 | BR2017002148 | ||
| 003 | BR-BrBNA | ||
| 005 | 20231205131040.0 | ||
| 007 | ta | ||
| 008 | 230509b bl.|||p| |||| 00| 00por d | ||
| 040 |
_aBR-BrBNA _bpor _cBiblioteca Nacional de Agricultura |
||
| 041 | _a(En) | ||
| 072 | _aL73 | ||
| 100 | 1 | _aZikic, D. | |
| 100 | 1 | _aDjukic-Stojcic, M. | |
| 100 | 1 | _aBjedov, S. | |
| 100 | 1 | _aPeri, L. | |
| 100 | 1 | _aStojanovic, S. | |
| 100 | 1 | _aUscebrka, G. | |
| 245 | 1 | _aEffect of litter on development and severity of foot-pad dermatitis and behavior of broiler chickens | |
| 650 | _aFRANGO DE CORTE | ||
| 650 | _aDERMATITE | ||
| 650 | _aPE | ||
| 650 | _aCAMA DE GALINHEIRO | ||
| 773 | 0 |
_tBrazilian Journal of Poultry Science (Brazil) _xISSN 1516-635X _g(Apr-Jun 2017), v. 19(2) p. 247-254 _wBR2017002148 |
|
| 909 |
_a202311 _bLúcia _c55 _dLúcia Elande |
||
| 942 |
_2AGRIS _n0 _cANA |
||
| 999 |
_c252759 _d252759 |
||